| 000 | 00665nam a2200217Ia 4500 | ||
|---|---|---|---|
| 005 | 20260429112108.0 | ||
| 008 | 260429s9999||||xx |||||||||||||| ||und|| | ||
| 020 | _a9781032577982 | ||
| 041 | _aEnglish | ||
| 082 |
_a659.2 _bDOO |
||
| 100 | _aDoorley, John | ||
| 245 | 0 |
_aReputation management : _bthe key to successful public relations, corporate communication and sustainable organizations / _cJohn Doorley |
|
| 250 | _a5th ed. | ||
| 260 |
_aNew York : _bRoutledge, _c2025. |
||
| 300 | _axxxvii, 409 p.; pbk | ||
| 650 | _a Corporate communication | ||
| 650 | _a Public relations | ||
| 650 | _aManagement | ||
| 700 | _a Garcia, Helio Fred | ||
| 942 | _cTB | ||
| 999 |
_c52326 _d52326 |
||